| 000 -LEADER |
| fixed length control field |
00585cam a22002411 4500 |
| 001 - CONTROL NUMBER |
| control field |
7963769 |
| 005 - DATE AND TIME OF LATEST TRANSACTION |
| control field |
20180309040953.0 |
| 008 - FIXED-LENGTH DATA ELEMENTS--GENERAL INFORMATION |
| fixed length control field |
761210s1961 njua 000 0 eng |
| 010 ## - LIBRARY OF CONGRESS CONTROL NUMBER |
| LC control number |
61007431 |
| 015 ## - NATIONAL BIBLIOGRAPHY NUMBER |
| National bibliography number |
GB61-7681 |
| 035 ## - SYSTEM CONTROL NUMBER |
| System control number |
(OCoLC)2612269 |
| 040 ## - CATALOGING SOURCE |
| Original cataloging agency |
DLC |
| Transcribing agency |
CCC |
| Modifying agency |
Uk |
| -- |
OCoLC |
| -- |
DLC |
| 041 ## - LANGUAGE CODE |
| Language code of text/sound track or separate title |
eng |
| 042 ## - AUTHENTICATION CODE |
| Authentication code |
premarc |
| 080 ## - UNIVERSAL DECIMAL CLASSIFICATION NUMBER |
| Universal Decimal Classification number |
621.81 |
| 082 ## - DEWEY DECIMAL CLASSIFICATION NUMBER |
| Classification number |
621.81 HAL |
| 100 1# - Rafti |
| Rafti |
27 |
| 101 ## - Shkurtesa |
| Shkurtesa |
MEK |
| 245 00 - TITLE STATEMENT |
| Title |
Kinematics and linkage design. |
| 504 ## - BIBLIOGRAPHY, ETC. NOTE |
| Bibliography, etc |
Includes bibliography. |
| 906 ## - LOCAL DATA ELEMENT F, LDF (RLIN) |
| a |
7 |
| b |
cbc |
| c |
oclcrpl |
| d |
u |
| e |
ncip |
| f |
19 |
| g |
y-gencatlg |
| 942 ## - ADDED ENTRY ELEMENTS (KOHA) |
| Source of classification or shelving scheme |
|
| Item type |
Books |